London housing design guide (Record no. 109833)
[ view plain ]
| 000 -LEADER | |
|---|---|
| fixed length control field | 01479cad a22002535a 4500 |
| 001 - CONTROL NUMBER | |
| control field | E147999 |
| 008 - FIXED-LENGTH DATA ELEMENTS--GENERAL INFORMATION | |
| fixed length control field | 090713s2009 xxkao f f000 0 eng d |
| 035 ## - SYSTEM CONTROL NUMBER | |
| System control number | (Sirsi) u147999 |
| 041 0# - LANGUAGE CODE | |
| Language code of text/sound track or separate title | eng |
| 050 04 - LIBRARY OF CONGRESS CALL NUMBER | |
| Classification number | 306.1 $2 18 |
| 110 1# - MAIN ENTRY--CORPORATE NAME | |
| Corporate name or jurisdiction name as entry element | London Development Agency |
| 9 (RLIN) | 5482 |
| 245 00 - TITLE STATEMENT | |
| Title | London housing design guide |
| Remainder of title | draft for consultation |
| Medium | [electronic resource] |
| 260 ## - PUBLICATION, DISTRIBUTION, ETC. | |
| Place of publication, distribution, etc. | London |
| Name of publisher, distributor, etc. | LDA |
| Date of publication, distribution, etc. | 2009 |
| 505 2# - FORMATTED CONTENTS NOTE | |
| Formatted contents note | Shaping good places -- Housing for a diverse city -- From street to front door -- Dwelling space standards -- Homes as a place of retreat -- Climate change mitigation and adaptation -- Design process -- Appendices |
| 520 ## - SUMMARY, ETC. | |
| Summary, etc. | Consultation document seeking views on a proposed design guide aimed at simplifying and unifying current standards to clarify what is expected of such housing developments from the outset. The guide identifies the key design issues that should be taken into account at the start of a project, and suggests improvements in the development process so that design is a priority throughout the project. |
| 520 ## - SUMMARY, ETC. | |
| Summary, etc. | Deadline for comments is 30 September 2009. |
| 521 ## - TARGET AUDIENCE NOTE | |
| Target audience note | Advanced |
| 590 ## - LOCAL NOTE (RLIN) | |
| Local note | KA NTK |
| 651 #4 - SUBJECT ADDED ENTRY--GEOGRAPHIC NAME | |
| Geographic name | London |
| 690 ## - LOCAL SUBJECT ADDED ENTRY--TOPICAL TERM (OCLC, RLIN) | |
| Topical term or geographic name as entry element | ENVIRONMENTAL AND LAND CONSULTANCY-PLANNING AND DEVELOPMENT |
| 690 ## - LOCAL SUBJECT ADDED ENTRY--TOPICAL TERM (OCLC, RLIN) | |
| Topical term or geographic name as entry element | PROPERTY-RESIDENTIAL PROPERTY-DOMESTIC RESIDENTIAL PROPERTY-HOUSING |
| 856 40 - ELECTRONIC LOCATION AND ACCESS | |
| Uniform Resource Identifier | <a href="https://www.london.gov.uk/mayor/publications/2009/07/housing-design.jsp">https://www.london.gov.uk/mayor/publications/2009/07/housing-design.jsp</a> |
| Public note | View the item free of charge at www.london.gov.uk... |
| 942 ## - ADDED ENTRY ELEMENTS (KOHA) | |
| Suppress in OPAC | 0 |
| Withdrawn status | Lost status | Source of classification or shelving scheme | Damaged status | Not for loan | Home library | Current library | Shelving location | Date acquired | Total Checkouts | Full call number | Barcode | Date last seen | Copy number | Price effective from | Koha item type |
|---|---|---|---|---|---|---|---|---|---|---|---|---|---|---|---|
| Dewey Decimal Classification | Virtual | Virtual | Online | 13/07/2009 | ONLINE PUBLICATION | 147999-2001 | 06/08/2019 | 1 | 06/08/2019 | Book |